|
|
|
|
| LEADER |
00000cmm a2200000 i 4500 |
| 001 |
1/35244 |
| 008 |
061009s2005 eng d |
| 020 |
|
|
|a 0-534-35919-1
|
| 035 |
|
|
|l 10085468
|
| 040 |
|
|
|a GR-MY-UA
|b gre
|e aacr
|
| 041 |
0 |
|
|a eng
|
| 082 |
0 |
|
|a 658.403
|2 (22η εκδ.)
|
| 245 |
1 |
4 |
|a The Decision tools and Stat tools suite
|h [αρχείο Η/Υ] :
|b student edition
|
| 260 |
|
|
|a Newfield, N.Y. :
|b Palisade,
|c c2005
|
| 300 |
|
|
|a 1 οπτική δισκέτα λέιζερ;
|b εικ.;
|c 4 3/4 ίν.+
|e 1 εγχειρίδιο χρήστη
|
| 500 |
|
|
|a 'DecisionTool Suite 4.5.3 with StatTools 1.0.1"--Readme file
|
| 505 |
0 |
|
|a StatTools -- @Risk -- BestFit -- PrecisionTree -- RISKview -- TopRank -- RISKOptimizer -- Tutorials and documentation
|
| 538 |
|
|
|a System requirements: at least 100MB hard disk space ; minimum 32MB of RAM, 64MB or more is preferred ; Windows 95, Windows 98, or Windows NT 4.0 or higher (DecisionTools Suite will not run on OS/2, Macintosh, or Unix platforms) ; Microsoft Excel version 97 (8.0) or higher ; Internet Explorer 4.0 or later ; version 4.0 or higher of Adobe Acrobat Reader.
|
| 650 |
0 |
0 |
|a Decision making
|x Software.
|
| 650 |
0 |
0 |
|a Statistics
|x Software.
|
| 852 |
|
|
|a INST
|b CHIOS
|c AV
|e 20061009
|h 658.403 DEC
|p 005200026265
|q 005200026265
|t CDROM
|y 23
|
| 901 |
|
|
|a BIBL2-2006-1
|
| 909 |
|
|
|a Χ
|b 120237
|
| 970 |
|
|
|a ΒΑΣΙΛΑΚΗ
|b ΝΙΚΗ
|z 2006/08/10
|